MARC

LEADER 00000nam0a2200000 4500
001 57239
005 20231101211644.0
010 |a 5256012878 
035 |a (RuTPU)RU\TPU\book\60374 
090 |a 57239 
100 |a 20031024d2002 m y0rusy50 ca 
101 0 |a rus 
102 |a RU 
105 |a a j 001zy 
200 1 |a Техническая электродинамика  |e учебное пособие  |f Ю. В. Пименов, В. И. Вольман, А. Д. Муравцов  |g Под ред. Ю. В. Пименова 
210 |a Москва  |c Радио и связь  |d 2002 
215 |a 536 с.  |c ил. 
225 1 |a Учебное пособие для вузов 
320 |a Библиогр.: с. 526-529. 
606 1 |a Электродинамика техническая  |2 stltpush  |3 (RuTPU)RU\TPU\subj\19948  |9 45108 
610 1 |a электротехника 
610 1 |a уравнения 
610 1 |a уравнения Максвелла 
610 1 |a волновые уравнения 
610 1 |a электростатическое поле 
610 1 |a электромагнитное поле 
610 1 |a электромагнитные волны 
610 1 |a излучение 
610 1 |a плоские волны 
610 1 |a дифракция 
610 1 |a направляемые волны 
610 1 |a направляющие системы 
610 1 |a объемные резонаторы 
610 1 |a сверхвысокие частоты 
610 1 |a цепи 
610 1 |a СВЧ 
610 1 |a фильтры 
610 1 |a пассивные устройства 
610 1 |a ВОЛС 
610 1 |a учебные пособия 
675 |a 621.3(075.8)  |v 3 
700 1 |a Пименов  |b Ю. В.  |g Юрий Вадимович 
701 1 |a Вольман  |b В. И.  |g Владимир Иосифович 
701 1 |a Муравцов  |b А. Д.  |g Александр Дмитриевич 
702 1 |a Пименов  |b Ю. В.  |g Юрий Вадимович  |4 340 
801 1 |a RU  |b 63413507  |c 20031024  |g PSBO 
801 2 |a RU  |b 63413507  |c 20130205  |g PSBO 
900 |a Электродинамика 
942 |c BK 
954 |a 552500  |b 200900  |b 201100  |b 201200  |b 201400  |b 071700